000 00776nam a22002415i 4500
001 11867
003 ES-MaACL
005 20250825063325.0
007 t|
008 941005s1994 sp ||||0| spa j
020 _a84-86217-61-X
040 _aM-BN
_bspa
_cM-BN
080 _a860-23"19"
100 1 _aFernández Martínez, María Lourdes.
_949911
245 1 0 _aHada madrina /
_cde Mª Lourdes Fernández Martínez.
260 _aMadrid :
_bJ. García Verdugo,
_cD.L. 1994.
300 _a93 p ;
_c20 cm.
490 1 _aColección teatro (García Verdugo) ;
_v44
_9242027
830 0 _aColección teatro (García Verdugo) ;
_v44
_9242027
852 _aES-MaACL
_jL-19226
_bR.122861
_q. - Ded. autógr. de la autora
942 _2udc
999 _c11867
_d11867